Normal view
MARC view
Entry Personal Name
001 - CONTROL NUMBER
- control field: 16699
003 - CONTROL NUMBER IDENTIFIER
- control field: OSt
005 - DATE AND TIME OF LATEST TRANSACTION
- control field: 20231004122333.0
008 - FIXED-LENGTH DATA ELEMENTS
- fixed length control field: 231004|| aca||aabn | a|a d
040 ## - CATALOGING SOURCE
- Original cataloging agency: OSt
- Transcribing agency: OSt
100 ## - HEADING--PERSONAL NAME
- Personal name: Pandey,S.N;Trivedi,PS
670 ## - SOURCE DATA FOUND
- Source citation: Work cat.: (OSt)8179: Pandey,S.N;Trivedi,PS;, A textbook of botony ., 2015.
